MARC

LEADER 00000nam0a2200000 4500
001 325051
005 20231102003727.0
035 |a (RuTPU)RU\TPU\book\350662 
035 |a RU\TPU\book\56529 
090 |a 325051 
100 |a 20161128d1972 km y0rusy50 ca 
101 0 |a rus 
102 |a RU 
105 |a a z 001zy 
200 1 |a Системы фазовой автоподстройки частоты   |f В. В. Шахгильдян, А. А. Ляховкин 
205 |a 2-е изд., доп. 
210 |a Москва  |c Связь  |d 1972 
215 |a 447 с.  |c ил. 
320 |a Библиогр.: с. 415-447 
606 1 |a Частота  |x Подстройка автоматическая  |2 stltpush  |3 (RuTPU)RU\TPU\subj\18550  |9 43955 
610 1 |a фазовая автоподстройка 
610 1 |a частоты 
610 1 |a системы 
610 1 |a расчеты 
610 1 |a оптимальные системы 
610 1 |a синтез 
610 1 |a сложные системы 
610 1 |a функциональные помехи 
675 |a 621.372.072  |v 4 
701 1 |a Шахгильдян  |b В. В.  |g Ваган Ваганович 
701 1 |a Ляховкин  |b А. А.  |g Александр Алексеевич 
801 1 |a RU  |b 63413507  |c 20030626  |g PSBO 
801 2 |a RU  |b 63413507  |c 20171204  |g PSBO 
942 |c BK